00792nam a2200217 i 4500001000700000003000900007005001700016007000300033008004100036100002700077245010600104260003600210300002200246490002800268650003200296700003700328830003600365852003200401999001900433952012200452133496ES-MaACL20230906194427.0t|070816s1972 sp ||||1| spa d1 aWolf, Laurent.911723310aIdeología y producción b: el diseño / cLaurent Wolf ; [traducción Françoise Charpentier]. aBarcelona : bRedondo, c[1972] a222 p. ; c18 cm.1 aColección Beta ; v15 4aDiseño industrial.9119451 aCharpentier, Françoise.9381060 aColección Beta ; v159182347 aES-MaACLjC-53173 bR.84211 c133496d133496 00104070aATENEOMbATENEOMcDEPO2d2008-01-17eSCl0oC-53173p1138972r2023-02-23 00:00:00w2023-02-23yMONOGRAFIA